Etica radical : los abismos de la actual civilización /

Kaydedildi:
Detaylı Bibliyografya
Yazar: París, Carlos (autor)
Materyal Türü: Kitap
Dil:İspanyolca
Baskı/Yayın Bilgisi: Madrid, España : Tecnos, 2012, c2012
Seri Bilgileri:(Filosofía y Ensayo)
Konular:
Etiketler: Etiketle
Etiket eklenmemiş, İlk siz ekleyin!

MARC

LEADER 00000nam^a2200000^a^4500
001 000399426
005 20250521000000.0
009 20260310121553.106
020 |a 978-84-309-5472-8 
037 |a Acervo ITESO - Biblioteca 
041 |a ESP 
082 |a 172.  |b PAR 
100 |a París, Carlos  |e (autor) 
245 1 0 |a Etica radical :  |b los abismos de la actual civilización /  |c C. París. 
264 4 |a Madrid, España :  |b Tecnos,  |c 2012, c2012 
300 |a 294 p. 
336 |a texto  |b txt  |2 rdacontenido 
337 |a sin mediación  |b n  |2 rdamedio 
338 |a volumen  |b nc  |2 rdasoporte 
440 1 |a (Filosofía y Ensayo) 
521 |a FIL 2017 EEnlace Departamento de Formación Humana 
649 |a XX 
650 |a Jefes de Estado Norteamericanos 
650 |a Corrupción 
650 |a Miedo 
650 |a Armamentismo 
650 |a Guerra y Paz 
650 |a Consumismo 
650 |a Capitalismo 
650 |a Globalización 
650 |a Desarrollo Tecnológico -  |x Aspectos Eticos 
650 |a Producción Económica -  |x Aspectos Eticos 
650 |a Tecnologías de Comunicación e Información -  |x Aspectos Eticos 
650 |a Medios de Comunicación -  |x Aspectos Eticos 
650 |a Política Económica 
650 |a Etica Política -  |x Tema Principal 
650 |a Bush, George 
910 |a Fondo General 
920 |a Impresos - Libros 
930 |a Colección General 
905 |a 101 
901 |a 0500294625  |b IT1  |c ACC  |i c158064  |u 20250521 
902 |a https://opac.biblio.iteso.mx/vufind/Record/000399426